000 01712nam a2200409 c 4500
999 _c61194
_d61194
003 BLK
005 20240623004058.0
008 180408b bul|||||r ||||||| ||bul||
010 _aKNG00065388000
040 _aBLK
041 _aBUL
_cBUL
080 _aБългарска литература
_b821.163.2
_x(092)
_z821.163.2(092)
080 _aБългарска литература
_b821.163.2
_x.09
_z821.163.2.09
080 _aБиографии
_b929
_x(497.2)
_z929(497.2)
100 1 _aСултанов, Симеон
_eпърви автор
_9287771
139 _aСултанов, Симеон
_bС 91
245 1 0 _aИзбрани произведения
_bКн. 1 - За том: Лит.-крит. очерци
_cСимеон Султанов.
_nКн. 2
_pБелетристи
257 _aBGR
260 _bБълг. писател
_c1987
300 _c21 см
380 _a82
500 _a2 106 тир.
650 4 _aБългарска литература
_9243597
650 4 _aЛитературна критика, българска
_9241943
650 0 _aПисатели, български
_9241944
653 _aбългарска литература
653 _aлитературна критика
653 _aбългарски писатели
760 1 _aСултанов, Симеон
_d1987
_h392 с., 21 см
_nЗа Г. П. Стаматов, Г. Райчев, Г. Караславов, Ил. Волен, Н. Хайтов, Св. Минков
_tКн. 2 Белетристи
852 _aЦб 148171
856 4 _qpdf
856 4 _qpdf
942 _cKNG
_n0
_s1
944 _aCR
_c13.06.2004
_lCRON CRON
_k
944 _aED
_c11.06.2014
_lф /
999 _d61194